000 00335nam a2200121Ia 4500
008 220204s9999 xx 000 0 und d
020 _a8176383414
082 _a004.4`2LIN
_bACH
100 _aAchuth Sankar, S N
245 0 _aSwathanthra softwarem gnu/linuxum (Malayalam)
260 _aTrivandrum
_bKerala Bhasha Institute
942 _cBK
999 _c42463
_d42463